Länderformen in der Weltkarte #2 - Statistiken

Allgemein
  • Dieses Quiz wurde 134 mal gespielt
  • Das Durchschnittsergebnis liegt bei 16 aus 20
Antworten auf der Karte
Die Antworten werden auf der Karte rot bzw. grün angezeigt, abhängig davon wie oft sie richtig erraten wurden.
 
Antwortstatistiken
Land % Korrekt
Kanada
98%
Island
95%
Spanien
95%
Finnland
92%
Algerien
90%
Ecuador
88%
Ägypten
87%
Bolivien
87%
Iran
86%
Japan
83%
Griechenland
82%
Jemen
82%
Indonesien
79%
Dominikanische Republik
75%
Guyana
75%
Vietnam
70%
Nigeria
65%
Südsudan
63%
Usbekistan
60%
Botswana
59%
Keine übereinstimmenden Quizze gefunden
Verteilung der Resultate
Anzahl Personen mit jedem Resultat
Perzentil nach korrekt beantworteten Fragen
Ihre Resultats-Entwicklung
Sie haben dieses Quiz noch nicht gespielt